| 000 | 01592nam a2200325 i 4500 | ||
|---|---|---|---|
| 003 | DO-SdBNP | ||
| 005 | 20250618092955.0 | ||
| 007 | ta | ||
| 008 | 250618b2012 dr ||||| |||| 00| 0 spa d | ||
| 020 | _a9789945470154 | ||
| 040 |
_aDO-SdBNP _bspa _cBNPHU _erda |
||
| 041 | _aspa | ||
| 082 | 4 |
_axxx _bxxx _222 |
|
| 100 |
_aCastellanos Estrella, Víctor José, _eautor _4aut. _911866 |
||
| 245 | 1 | 0 |
_aBiblioteca básica para el oficial del estado civil / _cVíctor José Castellanos Estrella ; editor, Nurys Paulino ; corrección, Mario Sánchez ; prólogo, Roberto Rosario Sánchez |
| 250 | _aPrimera edición | ||
| 264 | 1 |
_aSanto Domingo : _bJunta Central Electoral, _c2012. |
|
| 300 |
_avolumenes ; _c28 cm. |
||
| 336 |
_atexto _btxt _2rdacontent |
||
| 337 |
_asin mediación _bn _2rdamedia |
||
| 338 |
_avolumen _bnc _2rdacarrier |
||
| 500 | _aIncluye referencias bibliográficas y notas al pie de las páginas | ||
| 505 |
_av.1-- _tLecciones teóricas de derecho de la competencia del oficial del estado civil -- _gv.2-- _tLecciones teóricas de derecho de la competencia del oficial del estado civil -- _gv.3-- _tLecciones teóricas de derecho de la competencia del oficial del estado civil -- _gv.4-- _tProcedimientos-- _gv.5-- _tProntuario de la legislación de la competencia del oficial del estado civil-- _gv.6 _tJurisprudencia. |
||
| 590 | _aInventariado, 2025/BT | ||
| 700 | 1 |
_aPaulino, Nurys, _eeditor _4ed. _922136 |
|
| 700 | 1 |
_aSánchez, Mario, _ecorrector _4corr. _988136 |
|
| 700 | 1 |
_aRosario Máequez, Roberto, _eprologuista _4pr. _988137 |
|
| 910 | _aBtavárez | ||
| 942 |
_2ddc _cLBS1 |
||
| 999 |
_c59327 _d59327 |
||